|
|
|
|
| LEADER |
01619nam a2200289 a 4500 |
| 001 |
GR-Patra20548 |
| 008 |
991022s1996 gr g 000 0 gre d |
| 040 |
|
|
|a GrPaTEI
|b gre
|c GR-PaULI
|
| 040 |
|
|
|a GrPaTEI
|b gre
|c GR-PaULI
|
| 082 |
|
0 |
|a 616.744
|2 21
|
| 100 |
1 |
|
|a Τερζής, Στάθης
|
| 245 |
1 |
0 |
|a Κλινική ηλεκτρομυογραφία, νευρομυϊκές παθήσεις /
|c Στάθης Τερζής.
|
| 260 |
|
|
|a Πάτρα :
|b [χ.ο.],
|c 1996
|
| 300 |
|
|
|a 272 σ. :
|b εικ., πιν. ;
|c 24 εκ.
|
| 500 |
|
|
|a Περιέχει βιβλιογραφία: [σ.262-263] και ευρετήριο
|
| 650 |
|
0 |
|a Neuromuscular diseases
|
| 650 |
|
4 |
|a Ηλεκρομυογραφία
|
| 650 |
|
4 |
|a Ηλεκρονευρογραφία
|
| 650 |
|
4 |
|a ΜΥΙΚΟ ΣΥΣΤΗΜΑ
|
| 650 |
|
4 |
|a Νευρομυϊκές παθήσεις
|
| 653 |
|
|
|a ΝΕΥΡΙΚΟ ΣΥΣΤΗΜΑ - ΠΑΘΗΣΕΙΣ
|
| 942 |
|
|
|2 ddc
|
| 952 |
|
|
|0 0
|1 0
|2 ddc
|4 0
|6 616_744000000000000_ΤΕΡ
|7 0
|9 301153
|a LISK
|b LISK
|c BSC
|d 2021-01-17
|e 24
|f 0
|g 0.00
|l 1
|o 616.744 ΤΕΡ
|p 92410030454
|r 2023-03-13 00:00:00
|s 2023-03-08
|t 1
|w 2021-01-17
|y BK15
|x 20070109 0 1
|x GrPaTEI
|
| 952 |
|
|
|0 0
|1 0
|2 ddc
|4 0
|6 616_744000000000000_ΤΕΡ
|7 0
|9 301154
|a LISK
|b LISK
|c BSC
|d 2021-01-17
|e 24
|f 0
|g 0.00
|l 0
|o 616.744 ΤΕΡ
|p 92410030455
|r 2021-01-17 00:00:00
|t 1
|w 2021-01-17
|y BK15
|x 20070109 0 1
|x GrPaTEI
|
| 952 |
|
|
|0 0
|1 0
|2 ddc
|4 0
|6 616_744000000000000_ΤΕΡ
|7 1
|9 301155
|a LISK
|b LISK
|c BSC
|d 2021-01-17
|e 24
|f 0
|g 0.00
|l 0
|o 616.744 ΤΕΡ
|p 92410030456
|r 2021-01-17 00:00:00
|t 1
|w 2021-01-17
|y BKN
|x 20070109 0 0
|x GrPaTEI
|
| 971 |
|
|
|a .b26681201
|b 16-04-20
|c 26-09-16
|
| 999 |
|
|
|c 175006
|d 175006
|